000 00676nam a22002177a 4500
003 UA-OsUOA
001 78681
007 ta
008 20111018b un ||||| |||| 00| 0 ukr d
100 _aБук С.Н.
090 _a81
_bБ90
942 _cSA
040 _aUA-OsUOA
_bukr
_cUA-OsUOA
_dUA-OsUOA
245 _aРоман Івана Франка "Для домашнього огнища" крізь призму частотного словника
300 _aС.56-67
955 _a0
041 _aukr
080 _a81
773 0 _w78676
650 7 _a8 Мовознавство. Художня література. Літературознавство
_2UDC
999 _c364997
_d364997